When worlds collide : exploring the ideological and political foundations of the clash of civilization

Αποθηκεύτηκε σε:
Λεπτομέρειες βιβλιογραφικής εγγραφής
Κύριος συγγραφέας: Heck, Gene W.
Μορφή: Βιβλίο
Γλώσσα:English
Δημοσίευση: Lanham : Rowman & Littlefield, c2007
Θέματα:
Ετικέτες: Προσθήκη ετικέτας
Δεν υπάρχουν, Καταχωρήστε ετικέτα πρώτοι!

MARC

LEADER 00000nam a2200000 i 4500
001 1/5818
008 100317s2007 eng d
020 |a 978-0-7425-5856-4 
020 |a 0-7425-5856-8 
035 |l 10107297 
040 |a GR-MY-UA  |b gre  |e aacr 
041 0 |a eng 
082 0 |a 303.482176701821  |2 (22) 
100 1 |a Heck, Gene W. 
245 1 0 |a When worlds collide :  |b  exploring the ideological and political foundations of the clash of civilization /  |c Gene W. Heck 
260 |a Lanham :   |b Rowman & Littlefield,   |c c2007 
300 |a xi, 261 σ.;  |c 24 εκ. 
504 |a Βιβλιογραφία: σ. 239-247 
504 |a Ευρετήριο: σ. 249-259 
610 1 0 |a Qaida (Organization) 
650 0 0 |a Jihad. 
650 0 0 |a War  |x Religious aspects  |z Islam. 
650 0 0 |a Terrorism  |x Religious aspects  |z Islam. 
650 0 0 |a Islamic fundamentalism. 
650 0 0 |a Islam and politics. 
852 |a INST  |b LESVOS  |e 20100317  |h 303.482176701821 HEC  |p 005100046170  |q 005100046170  |t BK  |y 0 
901 |a BIBL1-2010-1 
909 |a Λ  |b 152062 
922 |a 1ΕΛΗ  |b 200803  |c ΕΠΕΑΕΚ2/ΠΤΕ  |d ΕΛΕΥΘΕΡΟΥΔΑΚΗΣ 
970 |a ΓΙΑΛΑΜΑ  |b ΜΑΡΙΑ  |z 2010/03/17